Guia de flora urbana de Barcelona (Registre núm. 68863)
[ vista simple ]
| 000 -LEADER | |
|---|---|
| campo de control de longitud fija | 01031aam a2200397 4500 |
| 008 - DATOS DE LONGITUD FIJA--INFORMACIÓN GENERAL | |
| campo de control de longitud fija | 240222s2023 o 01 cat d |
| 017 ## - NÚMERO DE COPYRIGHT O DE DEPÓSITO LEGAL | |
| Número de copyright o de depósito legal | T-675-2023 |
| 020 ## - NÚMERO INTERNACIONAL ESTÁNDAR DEL LIBRO | |
| Número Internacional Estándar del Libro | 9788491565376 |
| 020 ## - NÚMERO INTERNACIONAL ESTÁNDAR DEL LIBRO | |
| Número Internacional Estándar del Libro | 9788413563015 |
| 041 ## - CÓDIGO DE IDIOMA | |
| Código de lengua del texto/banda sonora o título independiente | cat |
| 041 ## - CÓDIGO DE IDIOMA | |
| Llengües tractades | spa |
| 080 ## - NÚMERO DE LA CLASIFICACIÓN DECIMAL UNIVERSAL | |
| Número de la Clasificación Decimal Universal | 502.2 |
| 100 ## - ENTRADA PRINCIPAL--NOMBRE DE PERSONA | |
| Nombre de persona | Barnola, Pere |
| 9 (RLIN) | 75499 |
| 245 ## - MENCIÓN DEL TÍTULO | |
| Título | Guia de flora urbana de Barcelona |
| Mención de responsabilidad, etc. | Pere Barnola, Josep M. Panareda |
| 260 ## - PUBLICACIÓN, DISTRIBUCIÓN, ETC. | |
| Lugar de publicación, distribución, etc. | Valls |
| Nombre del editor, distribuidor, etc. | Cossetània |
| 260 ## - PUBLICACIÓN, DISTRIBUCIÓN, ETC. | |
| Lugar de publicación, distribución, etc. | Barcelona |
| Nombre del editor, distribuidor, etc. | Ajuntament de Barcelona |
| Fecha de publicación, distribución, etc. | 2023 |
| 300 ## - DESCRIPCIÓN FÍSICA | |
| Extensión | 131 p. |
| 500 ## - NOTA GENERAL | |
| Nota general | Índexs. Glossari (p. 126-127) |
| 500 ## - NOTA GENERAL | |
| Nota general | Nom científic |
| 520 ## - RESUMEN, ETC. | |
| Nombre de termes | 125 |
| 522 ## - NOTA DE ÁMBITO GEOGRÁFICO | |
| Nota de ámbito geográfico | Barcelona |
| 591 ## - Codi de font | |
| Codi de font | 10959 |
| 592 ## - Tipus obra | |
| Tipus d'obra | Obra especialitzada |
| 593 ## - Codi CGAT | |
| Codi de la CGAT | DM |
| 593 ## - Codi CGAT | |
| Codi de la CGAT | DF |
| 594 ## - Número de document | |
| Número de document | 10959 |
| 650 #0 - PUNTO DE ACCESO ADICIONAL DE MATERIA--TÉRMINO DE MATERIA | |
| Término de materia o nombre geográfico como elemento de entrada | botànica |
| 9 (RLIN) | 61048 |
| 650 ## - PUNTO DE ACCESO ADICIONAL DE MATERIA--TÉRMINO DE MATERIA | |
| Término de materia o nombre geográfico como elemento de entrada | flora |
| 9 (RLIN) | 62586 |
| 700 ## - ENTRADA AGREGADA--NOMBRE PERSONAL | |
| 9 (RLIN) | 63001 |
| Nombre de persona | Panareda i Clopés, Josep M |
| 901 ## - ELEMENTOS DE DATOS A LOCAL LDA (RLIN) | |
| c | <2006> |
| 902 ## - ELEMENTOS DE DATOS B LOCAL, LDB (RLIN) | |
| a | 070926 |
| 942 ## - ELEMENTOS DE ENTRADA SECUNDARIOS (KOHA) | |
| Tipo de ítem Koha | Monografia |
| Suprimir en OPAC | No |
| Fuente del sistema de clasificación o colocación | Clasificación Decimal Dewey |
| Estatus retirado | Estado de pérdida | Estado de daño | No para préstamo | Biblioteca de origen | Biblioteca actual | Fecha de adquisición | Total de préstamos | Signatura topográfica completa | Código de barras | Visto por última vez | Precio de reemplazo | Tipo de ítem Koha |
|---|---|---|---|---|---|---|---|---|---|---|---|---|
| TERMCAT | TERMCAT | 22/02/2024 | DF 159 | P_68988 | 22/02/2024 | 22/02/2024 | MO |